000 02536cam a22005654i 4500
003 PE-LiUPU
005 20250731173552.0
008 150616s r 000 0 d
020 _a1883053242
035 _a(Sirsi) i9781883053246
040 _aPE-LiUPU
_bspa
_cPE-LiUPU
_erda
049 _aPRUA
082 0 4 _a200.956
_bR76
_221
245 0 0 _aReligion and politics in the ancient near east /
_cedited by Adele Berlin.
264 1 _aBethesda, MD. :
_bUniversity Press of Maryland,
_c1996.
300 _a150 páginas ;
_c24 centímetros
336 _atext
_2rdacontent
337 _aunmediated
_2rdamedia
338 _avolume
_2rdacarrier
490 0 _aStudies and texts in Jewish history and culture
504 _aBibliografía al pie de páginas.
505 0 _aThe sun, the moon, and the city of Ur.- Some reflections on Mesopotamian witchcraft.- State Gods and private religion in the near east in the first millennium BCE.- Biblical literature as politics: the case of Samuel.- Men as angels: The self-image of the Qumram community.- Rabbis and public prayers for rain in later roman Palestine.- In the Blinking of an eye: the christianizing of classical cities in the levant.
526 _aSEG42
526 _aSEG41
526 _aSEG40
526 _aSEG39
526 _aP94
526 _aP87
526 _aP86
526 _aP85
526 _aP77
526 _aP76
526 _aP35
630 _aBiblia.
_pA.T.
_xCritica, interpretación, etc.
650 0 4 _aJudaísmo
_xHistoria
_yHasta el 70 dC.
650 0 4 _aPolítica en la Biblia.
650 0 4 _aReligión y política
_zOriente Cercano.
651 _aOriente Cercano
_xReligion.
700 1 _aBerlin, Adele,
_eeditor.
910 _ajck
_bjvq
_cjck
942 _2ddc
_cBOOK
949 _a200.956 R76
_wDEWEY
_c1
_i44595
_lCCODEBUL1
_mBUL
_r0
_sY
_tBOOK
_u2015-6-16
_xTEOLOGIA
_zUNKNOWN
_0COMPRA
_o.STAFF. Colección General
949 _a200.956 R76
_wDEWEY
_c2
_i43192
_lCCODEBUL1
_mBUL
_r0
_sY
_tBOOK
_u2015-6-16
_xTEOLOGIA
_zUNKNOWN
_0COMPRA
_o.STAFF. Colección General
994 _aC0
_bPEPRU
596 _a1
999 _a200.956 R76
_wDEWEY
_c61152
_i44595
_f2021-11-9
_g5
_lCCODEBUL1
_mBUL
_r0
_sY
_tBOOK
_u2015-6-16
_xTEOLOGIA
_zUNKNOWN
_0COMPRA
_o.STAFF. Colección General
_d61152
999 _a200.956 R76
_wDEWEY
_c2
_i43192
_f2021-11-9
_g5
_lCCODEBUL1
_mBUL
_r0
_sY
_tBOOK
_u2015-6-16
_xTEOLOGIA
_zUNKNOWN
_0COMPRA
_o.STAFF. Colección General
980 _81
_gALBERTO SANCHEZ Responsable de Automatización